Grammar Sense 2: Workbook

Na minha lista:
Detalhes bibliográficos
Autor principal: Angela Blackwell
Formato: Livro
Idioma:Undetermined
Publicado em: Oxford Oxford University Press 2004
Assuntos:
Tags: Adicionar Tag
Sem tags, seja o primeiro a adicionar uma tag!
Thư viện lưu trữ: Trung tâm Học liệu Trường Đại học Cần Thơ
LEADER 00516nam a2200193Ia 4500
001 CTU_65287
008 210402s9999 xx 000 0 und d
020 |b 118000 
082 |a 428.34 
082 |b B632w/T2 
100 |a Angela Blackwell 
245 0 |a Grammar Sense 2: Workbook 
260 |a Oxford 
260 |b Oxford University Press 
260 |c 2004 
650 |a english language 
650 |x textbooks for foreign speakers 
904 |i Năm 
980 |a Trung tâm Học liệu Trường Đại học Cần Thơ